000 01185nam a2200229Ia 4500
003 Ost
005 20260507075708.0
008 260507s9999||||xx |||||||||||||| ||und||
020 _a9789931730255
040 _cfsecg
041 _aara
082 _a1.4
100 _aبن حمود، سكينة
_eمؤلف
245 0 _aالمنهجية لبحوث العلوم الاقتصادية :
_bكتابة أول بحث ، مراحل كتابة البحث العلمي،الإشراف و المناقشة /
_c سكينة بن حمود
260 _aالجزائر:
_bتديكلت,
_c2019
300 _a197 صفحة؛
_bإيضاحات ؛
_c24 سم
504 _aمراجع ص.186
520 _aالمنهجية و البحث العلمي ، كيف تكتب بحثا لأول مرة في العلوم الاقتصادية ، مناهج البحث العلمي ، مراحل كتابة البحث العلمي ، الاشراف على بحوث الماستر و الماجستير و الدكتوراهو أخيرا مناقشة بحوث الماستر و الماجستير و الدكتوراه.
653 _aالبحث العلمي
653 _aالمنهجية
942 _cكتاب
999 _c45879
_d45879